The JetPunk Quiz Matrix - Statistics

General Stats
  • This quiz has been taken 25 times
  • The average score is 9 of 15
Answer Stats
Question Answer % Correct
What company released its 3310 model phone, eventually selling 126 million units worldwide? Quiz on the Year 2000
100%
Parti Québécois Political Movements by Country
84%
Was the setting of the movie "Chinatown" Los Angeles vs. New York
80%
It's made for chewing | Beer holder Mirror Words #2
76%
What text is composed of 114 surahs? General Knowledge Quiz #222
72%
Movie starring Will Smith and Tommy Lee Jones Things That are Black #1
72%
"Communist Manifesto" co-author Word Chain - Germany
72%
2,639 people are beheaded in this city 18th Century A-Z
68%
Throw (someone) out a window Fancy Vocabulary #4
68%
"Autonomous" hippie neighborhood of the capital Denmark Country Quiz
64%
Four-letter city of 1.2 million in Siberia Asian Geography By Letter - O
56%
Have more than 1/3rd of the world population The First Country to Do it
48%
Chastity and the Country American TV by Antonyms
36%
Don't tell anyone, but our potatoes are just like the ones in other states U.S. States by Unofficial Motto
36%
What is 6 + 5 * 4 + 3 * 2 + 1? 100 General Knowledge Questions of Varying Difficulty
16%
No matching quizzes found
Score Distribution
Percent of People with Each Score
Percentile by Number Answered
Your Score History
You have not taken this quiz